Utwory Władysława Reymonta - nagła śmierć - Statystyki

Ogólne statystyki
  • Ten quiz został rozwiązany 314 razy
  • Średni wynik to 5 z 9
Answers on the Grid
Answers color-coded by a green-red scale on the quiz's grid according to % correct below.
,,Chłopi"
,,Bunt"
,,Ziemia Obiecana"
,,Pielgrzymka do Jasnej Góry"
,,Komediantka"
,,Legenda"
,,Śmierć"
,,Wampir"
,,Fermenty"
,,Lalka"
,,Pan Wołodyjowski"
,,Wiatr od Morza"
,,Ferdydurke"
,,Powrót Taty"
,,W pustyni i w puszczy"
 
Statystyki odpowiedzi
Odpowiedź % Poprawnych
,,Chłopi"
91%
,,Ziemia Obiecana"
69%
,,Komediantka"
55%
,,Bunt"
47%
,,Fermenty"
44%
,,Pielgrzymka do Jasnej Góry"
41%
,,Legenda"
40%
,,Śmierć"
39%
,,Wampir"
39%
Nie znaleziono quizów pasujących do podanych kryteriów
Rozkład punktacji
Procent ludzi z każdym wynikiem
Percentyl według liczby udzielonych odpowiedzi
Twoja historia wyników
Nie rozwiązałeś tego quizu